| 000 | 00692cam a2200253 4500500 | ||
|---|---|---|---|
| 005 | 20260329004950.0 | ||
| 041 | _afre | ||
| 042 | _adc | ||
| 100 | 1 | 0 |
_aOrtoli, Sven _eauthor |
| 245 | 0 | 0 | _aPhilanthrope ma non troppo |
| 260 | _c2021. | ||
| 500 | _a44 | ||
| 690 | _aBénévolat | ||
| 690 | _aDollars | ||
| 690 | _aDon | ||
| 690 | _aÉtats-Unis | ||
| 690 | _aGénérosité | ||
| 690 | _aIslam | ||
| 690 | _aMilliardaire | ||
| 690 | _aPhilanthropie | ||
| 690 | _aRichesse | ||
| 786 | 0 | _nPhilosophie magazine | 155 | 12 | 2021-12-01 | p. 13-15 | 1951-1787 | |
| 856 | 4 | 1 | _uhttps://shs.cairn.info/magazine-philosophie-magazine-2021-12-1-page-13?lang=fr&redirect-ssocas=7080 |
| 999 |
_c1838994 _d1838994 |
||